Introduction to civics.

Bibliographic Details
Main Author: Wales, Peter
Format: Book
Language:English
Published: Oxford, New York : Pergamon Press, [1966-]
Edition:[1st ed.].
Series:Commonwealth and international library.
Subjects:

MARC

Tag First Indicator Second Indicator Subfields
LEADER 00000cam a22000001 4500
001 in00000068949
005 20151008050852.0
008 731212m19669999enka 00000 eng
010 |a  66023860  
035 |a (OCoLC)00733663 
035 |9 AAG3932AM 
040 |a DLC  |c DLC  |d TXA  |d UtOrBLW 
043 |a e-uk---  |a e-uk-en 
049 |a TXAM  |v 2 [464696]  |c 2  |v 1 [425940]  |v 2 [425941] 
050 0 0 |a H62  |b .W23 
082 0 |a 300 
092 |a 327.42  |b W172i 
100 1 |a Wales, Peter. 
245 1 0 |a Introduction to civics. 
250 |a [1st ed.]. 
264 1 |a Oxford,  |a New York :  |b Pergamon Press,  |c [1966-] 
300 |a  volumes :  |b illustrations ;  |c 22 cm. 
336 |a text  |b txt  |2 rdacontent 
337 |a unmediated  |b n  |2 rdamedia 
338 |a volume  |b nc  |2 rdacarrier 
490 1 |a The Commonwealth and international library. C.S.E. division 
505 0 |a v. 1. Your local community.--v. 2. Britain local community. 
650 0 |a Civics, British. 
651 0 |a Great Britain  |x Politics and government. 
830 0 |a Commonwealth and international library. 
999 |a MARS 
999 f f |s e0e25688-91ea-3cb6-bac1-4eedde0ee118  |i 9e851fb2-0524-3b87-8ef1-c1c33fee0be2  |t 0 
952 f f |p normal  |a Texas A&M University  |b College Station  |c Sterling C. Evans Library  |d Evans: Library Stacks  |t 0  |e H62 .W23  |h Library of Congress classification  |i unmediated -- volume  |k v.1  |m A14800674864 
952 f f |p normal  |a Texas A&M University  |b College Station  |c Sterling C. Evans Library  |d Evans: Library Stacks  |t 0  |e H62 W23  |h Library of Congress classification  |i unmediated -- volume  |k v.2  |m A14800674856 
952 f f |p normal  |a Texas A&M University  |b College Station  |c Sterling C. Evans Library  |d Evans: Library Stacks  |t 0  |e H62 .W23  |h Library of Congress classification  |i unmediated -- volume  |k v.2  |m A14800674872 
998 f f |a H62 .W23  |s v.1-2  |t 0  |l Evans: Library Stacks 
998 f f |a H62 W23  |s v.2  |t 0  |l Evans: Library Stacks